| 000 | 00733nam a22001937a 4500 | ||
|---|---|---|---|
| 999 |
_c178006 _d178006 |
||
| 005 | 20210311161822.0 | ||
| 010 | _aUR-11069 | ||
| 020 |
_c60.00 _a66/77/2018 |
||
| 035 | _aU-9624 | ||
| 037 | _bDBAD/PUB | ||
| 082 | _a270 | ||
| 100 | _aا يڈ يٹر:شفيق ا لر حمن | ||
| 245 |
_aد عو ت:ا نسا نی سما جی ا و ر ا سلا می ا خلا قيا ت _cا يڈ يٹر:شفيق ا لر حمن |
||
| 246 |
_bDawat : Insani Samaji Aur Islami Ikhlaquiat(Urdu) _aEdited by Shafique Ur Rehman |
||
| 260 |
_aMuradabad _c2018 ء _bMohd. Ahmed |
||
| 270 |
_aBharat Offset Press,2035Qasimjan Street,Ballimaran, _bDelhi _e110006 _l- |
||
| 300 |
_a210 ص _c22 Cm(Hb) |
||
| 942 |
_2ddc _cUR _h270 _mد ع و |
||